La chevalerie / (Record no. 68602)
[ view plain ]
| 000 -LEADER | |
|---|---|
| campo de control de longitud fija | 00538nam a2200181 i 4500 |
| 001 - NÚMERO DE CONTROL | |
| campo de control | 68602 |
| 003 - IDENTIFICADOR DE NÚMERO DE CONTROL | |
| campo de control | ES-MaACL |
| 005 - FECHA Y HORA DE LA ÚLTIMA TRANSACCIÓN | |
| campo de control | 20230906170321.0 |
| 007 - CAMPO FIJO DE DESCRIPCIÓN FÍSICA--INFORMACIÓN GENERAL | |
| campo de control de longitud fija | t| |
| 008 - DATOS DE LONGITUD FIJA--INFORMACIÓN GENERAL | |
| campo de control de longitud fija | 960812s1884 fr a ||||1| fre d |
| 040 ## - FUENTE DE CATALOGACIÓN | |
| Centro catalogador/agencia de origen | CAM |
| Lengua de catalogación | spa |
| Centro/agencia transcriptor | CAM |
| 100 1# - ENTRADA PRINCIPAL--NOMBRE DE PERSONA | |
| Nombre de persona | Gautier, Léon. |
| 9 (RLIN) | 56053 |
| 245 13 - MENCIÓN DEL TÍTULO | |
| Título | La chevalerie / |
| Mención de responsabilidad, etc. | par Léon Gautier. |
| 260 ## - PUBLICACIÓN, DISTRIBUCIÓN, ETC. | |
| Lugar de publicación, distribución, etc. | Paris : |
| Nombre del editor, distribuidor, etc. | Vistor Palmé, |
| Fecha de publicación, distribución, etc. | 1884 ( |
| Fabricante | imprimerie générale A. Lahure) |
| 300 ## - DESCRIPCIÓN FÍSICA | |
| Extensión | XV, 788 p. : |
| Otras características físicas | il. ; |
| Dimensiones | 32 cm. |
| 650 #4 - PUNTO DE ACCESO ADICIONAL DE MATERIA--TÉRMINO DE MATERIA | |
| Término de materia o nombre geográfico como elemento de entrada | Caballeros y caballería- |
| Subdivisión geográfica | Francia. |
| 9 (RLIN) | 159565 |
| 852 ## - LOCALIZACIÓN | |
| Ubicación | ES-MaACL |
| Número de control de estantería | B-3823 |
| Estatus retirado | Estado de pérdida | Estado de daño | No para préstamo | Colección | Biblioteca de origen | Biblioteca actual | Ubicación en estantería | Fecha de adquisición | Fuente de adquisición | Total de préstamos | Signatura topográfica completa | Código de barras | Visto por última vez | Precio de reemplazo | Tipo de ítem Koha |
|---|---|---|---|---|---|---|---|---|---|---|---|---|---|---|---|
| Libros del s. XIX | Biblioteca del Ateneo de Madrid | Biblioteca del Ateneo de Madrid | Sala Pardo Bazán | 17/01/2008 | B-3823 | 1071820 | 23/02/2023 | 23/02/2023 | Libro impreso antiguo |
